000 00632nam a2200253Ia 4500
003 OSt
005 20221005033720.0
006 a|||||r|||| 00| 0
007 ta
008 221004b |||||||| |||| 00| 0 eng d
020 _a8124602263
024 _a76624
037 _cTextual
040 _aCRL
_cCRL
_beng
041 _2eng
_aeng
082 _aNA44,C, P3
100 _aTripathi Aruna
_9586301
245 0 _aBuddhist art of Kausambi
260 _aDelhi
_bD.K.Printworld
_c2003
300 _a342
_ccm.
650 _aARTS
942 _hNA44,C, P3
_cTEXL
_2cc
999 _c941975
_d941975